[Event "Porto Velho Madeira"]
[Site "Porto Velho"]
[Date "2013.01.16"]
[Round "9"]
[White "Cavalheiro, Wanir"]
[Black "Barbosa, Celio Oliveira"]
[Result "0-1"]
[WhiteElo "1800"]
[BlackElo "2048"]
[PlyCount "84"]
[EventDate "2013.01.12"]
[EventType "tourn"]
[EventRounds "9"]
[EventCountry "BRA"]
[SourceTitle "EXT 2014"]
[Source "ChessBase"]
[SourceDate "2013.11.20"]
[SourceVersion "1"]
[SourceVersionDate "2013.11.20"]
[SourceQuality "1"]

1. d4 Nf6 2. Bg5 Ne4 3. Be3 d5 4. f3 Nf6 5. Bg5 Nbd7 6. Bxf6 Nxf6 7. e3 c5 8. Ne2 e6 9. Qd2 Bd7 10. Nbc3 Bd6 11. g3 Rc8 12. Bg2 b5 13. 0-0 0-0 14. f4 Qc7 15. Rfc1 b4 16. Nd1 c4 17. c3 Rb8 18. cxb4 Bxb4 19. Nec3 Ne8 20. a3 Ba5 21. Rcb1 Nd6 22. Nf2 Rb3 23. Qc2 Rfb8 24. Ra2 Bxc3 25. Nd1 Ba5 26. a4 c3 27. Ra3 Rxa3 28. bxa3 Rxb1 29. Qxb1 c2 30. Qc1 cxd1Q+ 31. Qxd1 Qc3 32. Kf2 Nc4 33. Qe2 Bxa4 34. Bf3 Bc2 35. Kg2 Bd3 36. Qf2 Nd2 37. Bh5 Be4+ 38. Kh3 g6 39. Be2 Nc4 40. Qg1 Nxe3 41. Qb1 Bg2+ 42. Kh4 Bd8# 0-1